<?xml version="1.0" encoding="UTF-8"?>
<record
    xmlns:xsi="http://www.w3.org/2001/XMLSchema-instance"
    xsi:schemaLocation="http://www.loc.gov/MARC21/slim http://www.loc.gov/standards/marcxml/schema/MARC21slim.xsd"
    xmlns="http://www.loc.gov/MARC21/slim">

  <leader>03041nam a2200337 a 4500</leader>
  <controlfield tag="001">5383</controlfield>
  <controlfield tag="003">BD-RjUL</controlfield>
  <controlfield tag="005">20211208234045.0</controlfield>
  <controlfield tag="008">160728m19551948enk           000 0 eng d</controlfield>
  <datafield tag="035" ind1=" " ind2=" ">
    <subfield code="a">OCLC 05237035 from nso77</subfield>
    <subfield code="a">(BD-RjUL)5419</subfield>
  </datafield>
  <datafield tag="040" ind1=" " ind2=" ">
    <subfield code="a">NAM</subfield>
    <subfield code="c">NAM</subfield>
    <subfield code="d">YZA</subfield>
    <subfield code="d">BD-RjUL</subfield>
    <subfield code="b">eng</subfield>
  </datafield>
  <datafield tag="041" ind1=" " ind2=" ">
    <subfield code="a">eng</subfield>
  </datafield>
  <datafield tag="082" ind1=" " ind2=" ">
    <subfield code="a">348.42022</subfield>
    <subfield code="b">HAH 1948-1955</subfield>
  </datafield>
  <datafield tag="090" ind1=" " ind2=" ">
    <subfield code="a">KD135</subfield>
    <subfield code="b">.H3 1948</subfield>
  </datafield>
  <datafield tag="100" ind1=" " ind2=" ">
    <subfield code="a">Halsbury, Hardinge Stanley Giffard,  </subfield>
    <subfield code="9">150987</subfield>
  </datafield>
  <datafield tag="245" ind1="1" ind2="0">
    <subfield code="a">Halsbury's statutes of England /</subfield>
    <subfield code="c">Hardinge Stanley Giffard Halsbury, Earl of ;  Editor-in-chief Ronald Burrows ; revision by Butterworths Legal Editorial Staff: Chief legal editor J.T. Edgerley ; General editor of Halsbury's Statutes M. I. Mail ; Editor : A. D. Yonge</subfield>
  </datafield>
  <datafield tag="250" ind1=" " ind2=" ">
    <subfield code="a">2nd ed.</subfield>
  </datafield>
  <datafield tag="260" ind1=" " ind2=" ">
    <subfield code="a">London :</subfield>
    <subfield code="b">Butterworth,</subfield>
    <subfield code="c">1948-1955</subfield>
  </datafield>
  <datafield tag="300" ind1=" " ind2=" ">
    <subfield code="a">V. ;</subfield>
    <subfield code="c">26 cm</subfield>
  </datafield>
  <datafield tag="500" ind1=" " ind2=" ">
    <subfield code="a">Kept up to date by continuation volumes, revised volumes, cumlative supplements, and interim service in loose-leaf form</subfield>
  </datafield>
  <datafield tag="500" ind1=" " ind2=" ">
    <subfield code="a">Editor-in-chief for vols. 1-27: Roland Burrows. Vols. 28- (continuation vols) edited by Butterworths' legal editorial staff</subfield>
  </datafield>
  <datafield tag="500" ind1=" " ind2=" ">
    <subfield code="a">Earlier ed. published under title: The complete statutes of England</subfield>
  </datafield>
  <datafield tag="504" ind1=" " ind2=" ">
    <subfield code="a">Includes index</subfield>
  </datafield>
  <datafield tag="505" ind1="0" ind2=" ">
    <subfield code="a">Vol. 1, (Action--Animals) -- v. 2, (Arbitration--Charities) -- v. 3, (Choses in action--Conflict of Laws) -- v. 4, (Constitutional Law--Coroners) -- v. 5, (County Courts--Criminal Law) -- v. 6, (Crown Proceedings and Crown Practice--Easements and Profits a Prendre) -- v. 7, (Ecclesiastical law) -- v. 8, (Education--Electricity) -- v. 10, (Fire Services--Guarantee) -- v. 11, (Highways, Streets and Bridges--Husband and Wife) --v. 12, (Income Tax and Profits Taxes --Inns and Innkeepers)-- v. 13, (Insurance--Limitation of Actions) -- v.14, (Literary and Scientific Institutions--Markets and Fairs)-- v. 15 (Master and Servant--Metropolis) -- v. 16, (Mines, Minerals and Quarries--National Insurance and Social Security)-- v. 17, (Negligence--Pleading) -- v. 18, (Police--Public Authorities and Public Officers) -- v. 19, (Public Health and Local Administration--Railways and Canals) -- v. 20, (Rates and Rating--Rentcharges and Annuities) -- v. 21, Revenue --  v. 22, (Royal Forces--Set off and Counterclaim) --v. 23, (Settlements--Shipping and Navigation) -- v. 24, (Solicitors--Telegraphs and Telephones) -- v. 25, (Theatres and Other Places of Entertainment--Trover) -- v. 26, (Trusts and Trustees--Wills) -- v. 27, (List of Statutes--General Index) -- v. 28, (Continuation Volume, 1948-1949) -- v. 29 (Continuation Volume, 1950) -- v. 30 (Continuation Volume, 1951) -- v. 31, (The Income Tax Act, 1952) -- v. 32, (Continuation Volume, 1952) -- v. 33, (Continuation Volume, 1953) -- v. 34, ((Continuation Volume, 1954)</subfield>
  </datafield>
  <datafield tag="650" ind1=" " ind2=" ">
    <subfield code="a">Law</subfield>
    <subfield code="z">Great Britain</subfield>
    <subfield code="9">150988</subfield>
  </datafield>
  <datafield tag="700" ind1=" " ind2=" ">
    <subfield code="a">Burrows, Ronald, Editor-in-chief   </subfield>
    <subfield code="9">150690</subfield>
  </datafield>
  <datafield tag="700" ind1=" " ind2=" ">
    <subfield code="a">Edgerley, J.T. , Chief legal editor    </subfield>
    <subfield code="9">150691</subfield>
  </datafield>
  <datafield tag="700" ind1=" " ind2=" ">
    <subfield code="a">Mail, M. I. , General editor </subfield>
    <subfield code="9">150692</subfield>
  </datafield>
  <datafield tag="700" ind1=" " ind2=" ">
    <subfield code="a">Yonge, A. D., ed. </subfield>
    <subfield code="9">150989</subfield>
  </datafield>
  <datafield tag="942" ind1=" " ind2=" ">
    <subfield code="2">ddc</subfield>
    <subfield code="c">BK</subfield>
  </datafield>
  <datafield tag="999" ind1=" " ind2=" ">
    <subfield code="c">5383</subfield>
    <subfield code="d">5383</subfield>
  </datafield>
  <datafield tag="952" ind1=" " ind2=" ">
    <subfield code="0">0</subfield>
    <subfield code="1">0</subfield>
    <subfield code="2">ddc</subfield>
    <subfield code="4">0</subfield>
    <subfield code="7">1</subfield>
    <subfield code="8">NFIC</subfield>
    <subfield code="a">RUCL</subfield>
    <subfield code="b">RUCL</subfield>
    <subfield code="c">Reading</subfield>
    <subfield code="d">1955-12-12</subfield>
    <subfield code="e">Allies Book Corporation.</subfield>
    <subfield code="g">0.00</subfield>
    <subfield code="l">0</subfield>
    <subfield code="o">348.42022 HAH V-28 1951</subfield>
    <subfield code="r">2013-12-26 00:00:00</subfield>
    <subfield code="t">C-1</subfield>
    <subfield code="w">2021-12-08</subfield>
    <subfield code="y">BK</subfield>
  </datafield>
  <datafield tag="952" ind1=" " ind2=" ">
    <subfield code="0">0</subfield>
    <subfield code="1">0</subfield>
    <subfield code="2">ddc</subfield>
    <subfield code="4">0</subfield>
    <subfield code="7">1</subfield>
    <subfield code="8">NFIC</subfield>
    <subfield code="a">RUCL</subfield>
    <subfield code="b">RUCL</subfield>
    <subfield code="c">Reading</subfield>
    <subfield code="d">1955-12-10</subfield>
    <subfield code="e">Allies Book Corporation.</subfield>
    <subfield code="g">1584.60</subfield>
    <subfield code="l">0</subfield>
    <subfield code="o">348.42022 HAH V-1 1948</subfield>
    <subfield code="r">2016-07-28 00:00:00</subfield>
    <subfield code="t">C-1</subfield>
    <subfield code="w">2021-12-08</subfield>
    <subfield code="y">BK</subfield>
  </datafield>
  <datafield tag="952" ind1=" " ind2=" ">
    <subfield code="0">0</subfield>
    <subfield code="1">0</subfield>
    <subfield code="2">ddc</subfield>
    <subfield code="4">0</subfield>
    <subfield code="7">1</subfield>
    <subfield code="8">NFIC</subfield>
    <subfield code="a">RUCL</subfield>
    <subfield code="b">RUCL</subfield>
    <subfield code="c">Reading</subfield>
    <subfield code="d">1955-12-10</subfield>
    <subfield code="e">Allies Book Corporation.</subfield>
    <subfield code="g">1584.60</subfield>
    <subfield code="l">0</subfield>
    <subfield code="o">348.42022 HAH V-27 1951</subfield>
    <subfield code="r">2016-07-28 00:00:00</subfield>
    <subfield code="t">C-1</subfield>
    <subfield code="w">2021-12-08</subfield>
    <subfield code="y">BK</subfield>
  </datafield>
  <datafield tag="952" ind1=" " ind2=" ">
    <subfield code="0">0</subfield>
    <subfield code="1">0</subfield>
    <subfield code="2">ddc</subfield>
    <subfield code="4">0</subfield>
    <subfield code="7">1</subfield>
    <subfield code="8">NFIC</subfield>
    <subfield code="a">RUCL</subfield>
    <subfield code="b">RUCL</subfield>
    <subfield code="c">Reading</subfield>
    <subfield code="d">1955-12-10</subfield>
    <subfield code="e">Allies Book Corporation.</subfield>
    <subfield code="g">1584.60</subfield>
    <subfield code="l">0</subfield>
    <subfield code="o">348.42022 HAH V-30 1952</subfield>
    <subfield code="r">2016-07-28 00:00:00</subfield>
    <subfield code="t">C-1</subfield>
    <subfield code="w">2021-12-08</subfield>
    <subfield code="y">BK</subfield>
  </datafield>
  <datafield tag="952" ind1=" " ind2=" ">
    <subfield code="0">0</subfield>
    <subfield code="1">0</subfield>
    <subfield code="2">ddc</subfield>
    <subfield code="4">0</subfield>
    <subfield code="7">1</subfield>
    <subfield code="8">NFIC</subfield>
    <subfield code="a">RUCL</subfield>
    <subfield code="b">RUCL</subfield>
    <subfield code="c">Reading</subfield>
    <subfield code="d">1955-12-10</subfield>
    <subfield code="e">Allies Book Corporation.</subfield>
    <subfield code="g">1584.60</subfield>
    <subfield code="l">0</subfield>
    <subfield code="o">348.42022 HAH V-25 1951</subfield>
    <subfield code="r">2016-07-28 00:00:00</subfield>
    <subfield code="t">C-1</subfield>
    <subfield code="w">2021-12-08</subfield>
    <subfield code="y">BK</subfield>
  </datafield>
  <datafield tag="952" ind1=" " ind2=" ">
    <subfield code="0">0</subfield>
    <subfield code="1">0</subfield>
    <subfield code="2">ddc</subfield>
    <subfield code="4">0</subfield>
    <subfield code="7">1</subfield>
    <subfield code="8">NFIC</subfield>
    <subfield code="a">RUCL</subfield>
    <subfield code="b">RUCL</subfield>
    <subfield code="c">Reading</subfield>
    <subfield code="d">1955-12-10</subfield>
    <subfield code="e">Allies Book Corporation.</subfield>
    <subfield code="g">1584.60</subfield>
    <subfield code="l">0</subfield>
    <subfield code="o">348.42022 HAH V-21 1950</subfield>
    <subfield code="r">2016-07-28 00:00:00</subfield>
    <subfield code="t">C-1</subfield>
    <subfield code="w">2021-12-08</subfield>
    <subfield code="y">BK</subfield>
  </datafield>
  <datafield tag="952" ind1=" " ind2=" ">
    <subfield code="0">0</subfield>
    <subfield code="1">0</subfield>
    <subfield code="2">ddc</subfield>
    <subfield code="4">0</subfield>
    <subfield code="7">1</subfield>
    <subfield code="8">NFIC</subfield>
    <subfield code="a">RUCL</subfield>
    <subfield code="b">RUCL</subfield>
    <subfield code="c">Reading</subfield>
    <subfield code="d">1955-12-10</subfield>
    <subfield code="e">Allies Book Corporation.</subfield>
    <subfield code="g">1584.60</subfield>
    <subfield code="l">0</subfield>
    <subfield code="o">348.42022 HAH V-5 1948</subfield>
    <subfield code="r">2016-07-28 00:00:00</subfield>
    <subfield code="t">C-1</subfield>
    <subfield code="w">2021-12-08</subfield>
    <subfield code="y">BK</subfield>
  </datafield>
  <datafield tag="952" ind1=" " ind2=" ">
    <subfield code="0">0</subfield>
    <subfield code="1">0</subfield>
    <subfield code="2">ddc</subfield>
    <subfield code="4">0</subfield>
    <subfield code="7">1</subfield>
    <subfield code="8">NFIC</subfield>
    <subfield code="a">RUCL</subfield>
    <subfield code="b">RUCL</subfield>
    <subfield code="c">Reading</subfield>
    <subfield code="d">1955-12-10</subfield>
    <subfield code="e">Allies Book Corporation.</subfield>
    <subfield code="g">1584.60</subfield>
    <subfield code="l">0</subfield>
    <subfield code="o">348.42022 HAH V-34 1955</subfield>
    <subfield code="r">2016-07-28 00:00:00</subfield>
    <subfield code="t">C-1</subfield>
    <subfield code="w">2021-12-08</subfield>
    <subfield code="y">BK</subfield>
  </datafield>
  <datafield tag="952" ind1=" " ind2=" ">
    <subfield code="0">0</subfield>
    <subfield code="1">0</subfield>
    <subfield code="2">ddc</subfield>
    <subfield code="4">0</subfield>
    <subfield code="7">1</subfield>
    <subfield code="8">NFIC</subfield>
    <subfield code="a">RUCL</subfield>
    <subfield code="b">RUCL</subfield>
    <subfield code="c">Reading</subfield>
    <subfield code="d">1955-12-10</subfield>
    <subfield code="e">Allies Book Corporation.</subfield>
    <subfield code="g">1584.60</subfield>
    <subfield code="l">0</subfield>
    <subfield code="o">348.42022 HAH V-33 1954</subfield>
    <subfield code="r">2016-07-28 00:00:00</subfield>
    <subfield code="t">C-1</subfield>
    <subfield code="w">2021-12-08</subfield>
    <subfield code="y">BK</subfield>
  </datafield>
  <datafield tag="952" ind1=" " ind2=" ">
    <subfield code="0">0</subfield>
    <subfield code="1">0</subfield>
    <subfield code="2">ddc</subfield>
    <subfield code="4">0</subfield>
    <subfield code="7">1</subfield>
    <subfield code="8">NFIC</subfield>
    <subfield code="a">RUCL</subfield>
    <subfield code="b">RUCL</subfield>
    <subfield code="c">Reading</subfield>
    <subfield code="d">1955-12-12</subfield>
    <subfield code="e">Allies Book Corporation.</subfield>
    <subfield code="g">1584.60</subfield>
    <subfield code="l">0</subfield>
    <subfield code="o">348.42022 HAH V-2 1948</subfield>
    <subfield code="r">2016-07-30 00:00:00</subfield>
    <subfield code="t">C-1</subfield>
    <subfield code="w">2021-12-08</subfield>
    <subfield code="y">BK</subfield>
  </datafield>
  <datafield tag="952" ind1=" " ind2=" ">
    <subfield code="0">0</subfield>
    <subfield code="1">0</subfield>
    <subfield code="2">ddc</subfield>
    <subfield code="4">0</subfield>
    <subfield code="7">1</subfield>
    <subfield code="8">NFIC</subfield>
    <subfield code="a">RUCL</subfield>
    <subfield code="b">RUCL</subfield>
    <subfield code="c">Reading</subfield>
    <subfield code="d">1955-12-12</subfield>
    <subfield code="e">Allies Book Corporation.</subfield>
    <subfield code="g">1584.60</subfield>
    <subfield code="l">0</subfield>
    <subfield code="o">348.42022 HAH V-3 1949</subfield>
    <subfield code="r">2016-07-30 00:00:00</subfield>
    <subfield code="t">C-1</subfield>
    <subfield code="w">2021-12-08</subfield>
    <subfield code="y">BK</subfield>
  </datafield>
  <datafield tag="952" ind1=" " ind2=" ">
    <subfield code="0">0</subfield>
    <subfield code="1">0</subfield>
    <subfield code="2">ddc</subfield>
    <subfield code="4">0</subfield>
    <subfield code="7">1</subfield>
    <subfield code="8">NFIC</subfield>
    <subfield code="a">RUCL</subfield>
    <subfield code="b">RUCL</subfield>
    <subfield code="c">Reading</subfield>
    <subfield code="d">1955-12-12</subfield>
    <subfield code="e">Allies Book Corporation.</subfield>
    <subfield code="g">1584.60</subfield>
    <subfield code="l">0</subfield>
    <subfield code="o">348.42022 HAH V-4 1948</subfield>
    <subfield code="r">2016-07-30 00:00:00</subfield>
    <subfield code="t">C-1</subfield>
    <subfield code="w">2021-12-08</subfield>
    <subfield code="y">BK</subfield>
  </datafield>
  <datafield tag="952" ind1=" " ind2=" ">
    <subfield code="0">0</subfield>
    <subfield code="1">0</subfield>
    <subfield code="2">ddc</subfield>
    <subfield code="4">0</subfield>
    <subfield code="7">1</subfield>
    <subfield code="8">NFIC</subfield>
    <subfield code="a">RUCL</subfield>
    <subfield code="b">RUCL</subfield>
    <subfield code="c">Reading</subfield>
    <subfield code="d">1955-12-12</subfield>
    <subfield code="e">Allies Book Corporation.</subfield>
    <subfield code="g">1584.60</subfield>
    <subfield code="l">0</subfield>
    <subfield code="o">348.42022 HAH V-8 1949</subfield>
    <subfield code="r">2016-07-30 00:00:00</subfield>
    <subfield code="t">C-1</subfield>
    <subfield code="w">2021-12-08</subfield>
    <subfield code="y">BK</subfield>
  </datafield>
  <datafield tag="952" ind1=" " ind2=" ">
    <subfield code="0">0</subfield>
    <subfield code="1">0</subfield>
    <subfield code="2">ddc</subfield>
    <subfield code="4">0</subfield>
    <subfield code="7">1</subfield>
    <subfield code="8">NFIC</subfield>
    <subfield code="a">RUCL</subfield>
    <subfield code="b">RUCL</subfield>
    <subfield code="c">Reading</subfield>
    <subfield code="d">1955-12-12</subfield>
    <subfield code="e">Allies Book Corporation.</subfield>
    <subfield code="g">1584.60</subfield>
    <subfield code="l">0</subfield>
    <subfield code="o">348.42022 HAH V-11 1949</subfield>
    <subfield code="r">2016-07-30 00:00:00</subfield>
    <subfield code="t">C-1</subfield>
    <subfield code="w">2021-12-08</subfield>
    <subfield code="y">BK</subfield>
  </datafield>
  <datafield tag="952" ind1=" " ind2=" ">
    <subfield code="0">0</subfield>
    <subfield code="1">0</subfield>
    <subfield code="2">ddc</subfield>
    <subfield code="4">0</subfield>
    <subfield code="7">1</subfield>
    <subfield code="8">NFIC</subfield>
    <subfield code="a">RUCL</subfield>
    <subfield code="b">RUCL</subfield>
    <subfield code="c">Reading</subfield>
    <subfield code="d">1955-12-12</subfield>
    <subfield code="e">Allies Book Corporation.</subfield>
    <subfield code="g">1584.60</subfield>
    <subfield code="l">0</subfield>
    <subfield code="o">348.42022 HAH V-22 1950</subfield>
    <subfield code="r">2016-07-30 00:00:00</subfield>
    <subfield code="t">C-1</subfield>
    <subfield code="w">2021-12-08</subfield>
    <subfield code="y">BK</subfield>
  </datafield>
  <datafield tag="952" ind1=" " ind2=" ">
    <subfield code="0">0</subfield>
    <subfield code="1">0</subfield>
    <subfield code="2">ddc</subfield>
    <subfield code="4">0</subfield>
    <subfield code="7">1</subfield>
    <subfield code="8">NFIC</subfield>
    <subfield code="a">RUCL</subfield>
    <subfield code="b">RUCL</subfield>
    <subfield code="c">Reading</subfield>
    <subfield code="d">1955-12-12</subfield>
    <subfield code="e">Allies Book Corporation.</subfield>
    <subfield code="g">1584.60</subfield>
    <subfield code="l">0</subfield>
    <subfield code="o">348.42022 HAH V-23 1950</subfield>
    <subfield code="r">2016-07-30 00:00:00</subfield>
    <subfield code="t">C-1</subfield>
    <subfield code="w">2021-12-08</subfield>
    <subfield code="y">BK</subfield>
  </datafield>
  <datafield tag="952" ind1=" " ind2=" ">
    <subfield code="0">0</subfield>
    <subfield code="1">0</subfield>
    <subfield code="2">ddc</subfield>
    <subfield code="4">0</subfield>
    <subfield code="7">1</subfield>
    <subfield code="8">NFIC</subfield>
    <subfield code="a">RUCL</subfield>
    <subfield code="b">RUCL</subfield>
    <subfield code="c">Reading</subfield>
    <subfield code="d">1955-12-12</subfield>
    <subfield code="e">Allies Book Corporation.</subfield>
    <subfield code="g">1584.60</subfield>
    <subfield code="l">0</subfield>
    <subfield code="o">348.42022 HAH V-24 1950</subfield>
    <subfield code="r">2016-07-30 00:00:00</subfield>
    <subfield code="t">C-1</subfield>
    <subfield code="w">2021-12-08</subfield>
    <subfield code="y">BK</subfield>
  </datafield>
  <datafield tag="952" ind1=" " ind2=" ">
    <subfield code="0">0</subfield>
    <subfield code="1">0</subfield>
    <subfield code="2">ddc</subfield>
    <subfield code="4">0</subfield>
    <subfield code="7">1</subfield>
    <subfield code="8">NFIC</subfield>
    <subfield code="a">RUCL</subfield>
    <subfield code="b">RUCL</subfield>
    <subfield code="c">Reading</subfield>
    <subfield code="d">1955-12-12</subfield>
    <subfield code="e">Allies Book Corporation.</subfield>
    <subfield code="g">1584.60</subfield>
    <subfield code="l">0</subfield>
    <subfield code="o">348.42022 HAH V-26 1951</subfield>
    <subfield code="r">2016-07-30 00:00:00</subfield>
    <subfield code="t">C-1</subfield>
    <subfield code="w">2021-12-08</subfield>
    <subfield code="y">BK</subfield>
  </datafield>
  <datafield tag="952" ind1=" " ind2=" ">
    <subfield code="0">0</subfield>
    <subfield code="1">0</subfield>
    <subfield code="2">ddc</subfield>
    <subfield code="4">0</subfield>
    <subfield code="7">1</subfield>
    <subfield code="8">NFIC</subfield>
    <subfield code="a">RUCL</subfield>
    <subfield code="b">RUCL</subfield>
    <subfield code="c">Reading</subfield>
    <subfield code="d">1955-12-12</subfield>
    <subfield code="e">Allies Book Corporation.</subfield>
    <subfield code="g">1584.60</subfield>
    <subfield code="l">0</subfield>
    <subfield code="o">348.42022 HAH V-29 1951</subfield>
    <subfield code="r">2016-07-30 00:00:00</subfield>
    <subfield code="t">C-1</subfield>
    <subfield code="w">2021-12-08</subfield>
    <subfield code="y">BK</subfield>
  </datafield>
  <datafield tag="952" ind1=" " ind2=" ">
    <subfield code="0">0</subfield>
    <subfield code="1">0</subfield>
    <subfield code="2">ddc</subfield>
    <subfield code="4">0</subfield>
    <subfield code="7">1</subfield>
    <subfield code="8">NFIC</subfield>
    <subfield code="a">RUCL</subfield>
    <subfield code="b">RUCL</subfield>
    <subfield code="c">Reading</subfield>
    <subfield code="d">1955-12-12</subfield>
    <subfield code="e">Allies Book Corporation.</subfield>
    <subfield code="g">1584.60</subfield>
    <subfield code="l">0</subfield>
    <subfield code="o">348.42022 HAH V-12 1949</subfield>
    <subfield code="r">2016-07-30 00:00:00</subfield>
    <subfield code="t">C-1</subfield>
    <subfield code="w">2021-12-08</subfield>
    <subfield code="y">BK</subfield>
  </datafield>
  <datafield tag="952" ind1=" " ind2=" ">
    <subfield code="0">0</subfield>
    <subfield code="1">0</subfield>
    <subfield code="2">ddc</subfield>
    <subfield code="4">0</subfield>
    <subfield code="7">1</subfield>
    <subfield code="8">NFIC</subfield>
    <subfield code="a">RUCL</subfield>
    <subfield code="b">RUCL</subfield>
    <subfield code="c">Reading</subfield>
    <subfield code="d">1955-12-12</subfield>
    <subfield code="e">Allies Book Corporation.</subfield>
    <subfield code="g">1584.60</subfield>
    <subfield code="l">0</subfield>
    <subfield code="o">348.42022 HAH V-13 1949</subfield>
    <subfield code="r">2016-07-30 00:00:00</subfield>
    <subfield code="t">C-1</subfield>
    <subfield code="w">2021-12-08</subfield>
    <subfield code="y">BK</subfield>
  </datafield>
  <datafield tag="952" ind1=" " ind2=" ">
    <subfield code="0">0</subfield>
    <subfield code="1">0</subfield>
    <subfield code="2">ddc</subfield>
    <subfield code="4">0</subfield>
    <subfield code="7">1</subfield>
    <subfield code="8">NFIC</subfield>
    <subfield code="a">RUCL</subfield>
    <subfield code="b">RUCL</subfield>
    <subfield code="c">Reading</subfield>
    <subfield code="d">1955-12-12</subfield>
    <subfield code="e">Allies Book Corporation.</subfield>
    <subfield code="g">1584.60</subfield>
    <subfield code="l">0</subfield>
    <subfield code="o">348.42022 HAH V-14 1949</subfield>
    <subfield code="r">2016-07-30 00:00:00</subfield>
    <subfield code="t">C-1</subfield>
    <subfield code="w">2021-12-08</subfield>
    <subfield code="y">BK</subfield>
  </datafield>
  <datafield tag="952" ind1=" " ind2=" ">
    <subfield code="0">0</subfield>
    <subfield code="1">0</subfield>
    <subfield code="2">ddc</subfield>
    <subfield code="4">0</subfield>
    <subfield code="7">1</subfield>
    <subfield code="8">NFIC</subfield>
    <subfield code="a">RUCL</subfield>
    <subfield code="b">RUCL</subfield>
    <subfield code="c">Reading</subfield>
    <subfield code="d">1955-12-12</subfield>
    <subfield code="e">Allies Book Corporation.</subfield>
    <subfield code="g">1584.60</subfield>
    <subfield code="l">0</subfield>
    <subfield code="o">348.42022 HAH V-15 1949</subfield>
    <subfield code="r">2016-07-30 00:00:00</subfield>
    <subfield code="t">C-1</subfield>
    <subfield code="w">2021-12-08</subfield>
    <subfield code="y">BK</subfield>
  </datafield>
  <datafield tag="952" ind1=" " ind2=" ">
    <subfield code="0">0</subfield>
    <subfield code="1">0</subfield>
    <subfield code="2">ddc</subfield>
    <subfield code="4">0</subfield>
    <subfield code="7">1</subfield>
    <subfield code="8">NFIC</subfield>
    <subfield code="a">RUCL</subfield>
    <subfield code="b">RUCL</subfield>
    <subfield code="c">Reading</subfield>
    <subfield code="d">1955-12-12</subfield>
    <subfield code="e">Allies Book Corporation.</subfield>
    <subfield code="g">1584.60</subfield>
    <subfield code="l">0</subfield>
    <subfield code="o">348.42022 HAH V-16 1950</subfield>
    <subfield code="r">2016-07-30 00:00:00</subfield>
    <subfield code="t">C-1</subfield>
    <subfield code="w">2021-12-08</subfield>
    <subfield code="y">BK</subfield>
  </datafield>
  <datafield tag="952" ind1=" " ind2=" ">
    <subfield code="0">0</subfield>
    <subfield code="1">0</subfield>
    <subfield code="2">ddc</subfield>
    <subfield code="4">0</subfield>
    <subfield code="7">1</subfield>
    <subfield code="8">NFIC</subfield>
    <subfield code="a">RUCL</subfield>
    <subfield code="b">RUCL</subfield>
    <subfield code="c">Reading</subfield>
    <subfield code="d">1955-12-12</subfield>
    <subfield code="e">Allies Book Corporation.</subfield>
    <subfield code="g">1584.60</subfield>
    <subfield code="l">0</subfield>
    <subfield code="o">348.42022 HAH V-17 1950</subfield>
    <subfield code="r">2016-07-30 00:00:00</subfield>
    <subfield code="t">C-1</subfield>
    <subfield code="w">2021-12-08</subfield>
    <subfield code="y">BK</subfield>
  </datafield>
  <datafield tag="952" ind1=" " ind2=" ">
    <subfield code="0">0</subfield>
    <subfield code="1">0</subfield>
    <subfield code="2">ddc</subfield>
    <subfield code="4">0</subfield>
    <subfield code="7">1</subfield>
    <subfield code="8">NFIC</subfield>
    <subfield code="a">RUCL</subfield>
    <subfield code="b">RUCL</subfield>
    <subfield code="c">Reading</subfield>
    <subfield code="d">1955-12-12</subfield>
    <subfield code="e">Allies Book Corporation.</subfield>
    <subfield code="g">1584.60</subfield>
    <subfield code="l">0</subfield>
    <subfield code="o">348.42022 HAH V-18 1950</subfield>
    <subfield code="r">2016-07-30 00:00:00</subfield>
    <subfield code="t">C-1</subfield>
    <subfield code="w">2021-12-08</subfield>
    <subfield code="y">BK</subfield>
  </datafield>
  <datafield tag="952" ind1=" " ind2=" ">
    <subfield code="0">0</subfield>
    <subfield code="1">0</subfield>
    <subfield code="2">ddc</subfield>
    <subfield code="4">0</subfield>
    <subfield code="7">1</subfield>
    <subfield code="8">NFIC</subfield>
    <subfield code="a">RUCL</subfield>
    <subfield code="b">RUCL</subfield>
    <subfield code="c">Reading</subfield>
    <subfield code="d">1955-12-12</subfield>
    <subfield code="e">Allies Book Corporation.</subfield>
    <subfield code="g">1584.60</subfield>
    <subfield code="l">0</subfield>
    <subfield code="o">348.42022 HAH V-19 1950</subfield>
    <subfield code="r">2016-07-30 00:00:00</subfield>
    <subfield code="t">C-1</subfield>
    <subfield code="w">2021-12-08</subfield>
    <subfield code="y">BK</subfield>
  </datafield>
  <datafield tag="952" ind1=" " ind2=" ">
    <subfield code="0">0</subfield>
    <subfield code="1">0</subfield>
    <subfield code="2">ddc</subfield>
    <subfield code="4">0</subfield>
    <subfield code="7">1</subfield>
    <subfield code="8">NFIC</subfield>
    <subfield code="a">RUCL</subfield>
    <subfield code="b">RUCL</subfield>
    <subfield code="c">Reading</subfield>
    <subfield code="d">1955-12-12</subfield>
    <subfield code="e">Allies Book Corporation.</subfield>
    <subfield code="g">1584.60</subfield>
    <subfield code="l">0</subfield>
    <subfield code="o">348.42022 HAH V-20 1950</subfield>
    <subfield code="r">2016-07-30 00:00:00</subfield>
    <subfield code="t">C-1</subfield>
    <subfield code="w">2021-12-08</subfield>
    <subfield code="y">BK</subfield>
  </datafield>
  <datafield tag="952" ind1=" " ind2=" ">
    <subfield code="0">0</subfield>
    <subfield code="1">0</subfield>
    <subfield code="2">ddc</subfield>
    <subfield code="4">0</subfield>
    <subfield code="7">1</subfield>
    <subfield code="8">NFIC</subfield>
    <subfield code="a">RUCL</subfield>
    <subfield code="b">RUCL</subfield>
    <subfield code="c">Reading</subfield>
    <subfield code="d">1955-12-12</subfield>
    <subfield code="e">Allies Book Corporation.</subfield>
    <subfield code="g">1584.60</subfield>
    <subfield code="l">0</subfield>
    <subfield code="o">348.42022 HAH V-31 1952</subfield>
    <subfield code="r">2016-07-30 00:00:00</subfield>
    <subfield code="t">C-1</subfield>
    <subfield code="w">2021-12-08</subfield>
    <subfield code="y">BK</subfield>
  </datafield>
  <datafield tag="952" ind1=" " ind2=" ">
    <subfield code="0">0</subfield>
    <subfield code="1">0</subfield>
    <subfield code="2">ddc</subfield>
    <subfield code="4">0</subfield>
    <subfield code="7">1</subfield>
    <subfield code="8">NFIC</subfield>
    <subfield code="a">RUCL</subfield>
    <subfield code="b">RUCL</subfield>
    <subfield code="c">Reading</subfield>
    <subfield code="d">1955-12-12</subfield>
    <subfield code="e">Allies Book Corporation.</subfield>
    <subfield code="g">1584.60</subfield>
    <subfield code="l">0</subfield>
    <subfield code="o">348.42022 HAH V-32 1953</subfield>
    <subfield code="r">2016-07-30 00:00:00</subfield>
    <subfield code="t">C-1</subfield>
    <subfield code="w">2021-12-08</subfield>
    <subfield code="y">BK</subfield>
  </datafield>
  <datafield tag="952" ind1=" " ind2=" ">
    <subfield code="0">0</subfield>
    <subfield code="1">0</subfield>
    <subfield code="2">ddc</subfield>
    <subfield code="4">0</subfield>
    <subfield code="7">0</subfield>
    <subfield code="8">NFIC</subfield>
    <subfield code="a">RUCL</subfield>
    <subfield code="b">RUCL</subfield>
    <subfield code="c">Stack</subfield>
    <subfield code="d">1955-12-12</subfield>
    <subfield code="e">Alies books</subfield>
    <subfield code="g">1584.00</subfield>
    <subfield code="l">0</subfield>
    <subfield code="o">346 HAL V-9 1949</subfield>
    <subfield code="r">2016-07-30 00:00:00</subfield>
    <subfield code="t">C-2</subfield>
    <subfield code="w">2021-12-08</subfield>
    <subfield code="y">BK</subfield>
  </datafield>
  <datafield tag="952" ind1=" " ind2=" ">
    <subfield code="0">0</subfield>
    <subfield code="1">0</subfield>
    <subfield code="2">ddc</subfield>
    <subfield code="4">0</subfield>
    <subfield code="7">1</subfield>
    <subfield code="8">NFIC</subfield>
    <subfield code="a">RUCL</subfield>
    <subfield code="b">RUCL</subfield>
    <subfield code="c">Reading</subfield>
    <subfield code="d">1955-12-12</subfield>
    <subfield code="e">Allies book</subfield>
    <subfield code="g">1584.00</subfield>
    <subfield code="l">0</subfield>
    <subfield code="o">348.42022 HAH V-6 1948</subfield>
    <subfield code="r">2016-08-04 00:00:00</subfield>
    <subfield code="t">C-1</subfield>
    <subfield code="w">2021-12-08</subfield>
    <subfield code="y">BK</subfield>
  </datafield>
  <datafield tag="952" ind1=" " ind2=" ">
    <subfield code="0">0</subfield>
    <subfield code="1">0</subfield>
    <subfield code="2">ddc</subfield>
    <subfield code="4">0</subfield>
    <subfield code="7">1</subfield>
    <subfield code="8">NFIC</subfield>
    <subfield code="a">RUCL</subfield>
    <subfield code="b">RUCL</subfield>
    <subfield code="c">Reading</subfield>
    <subfield code="d">1955-12-12</subfield>
    <subfield code="e">Allies book</subfield>
    <subfield code="g">1584.00</subfield>
    <subfield code="l">0</subfield>
    <subfield code="o">348.42022 HAH V-10 1949</subfield>
    <subfield code="r">2016-08-04 00:00:00</subfield>
    <subfield code="t">C-1</subfield>
    <subfield code="w">2021-12-08</subfield>
    <subfield code="y">BK</subfield>
  </datafield>
  <datafield tag="952" ind1=" " ind2=" ">
    <subfield code="0">0</subfield>
    <subfield code="1">0</subfield>
    <subfield code="2">ddc</subfield>
    <subfield code="4">0</subfield>
    <subfield code="7">1</subfield>
    <subfield code="8">NFIC</subfield>
    <subfield code="a">RUCL</subfield>
    <subfield code="b">RUCL</subfield>
    <subfield code="c">Reading</subfield>
    <subfield code="d">1964-06-01</subfield>
    <subfield code="e">Allies book</subfield>
    <subfield code="g">17.50</subfield>
    <subfield code="l">0</subfield>
    <subfield code="o">348.42022 HAH V-7 1949</subfield>
    <subfield code="r">2016-10-01 00:00:00</subfield>
    <subfield code="t">C-1</subfield>
    <subfield code="w">2016-10-01</subfield>
    <subfield code="y">BK</subfield>
  </datafield>
</record>
